| 000 | 00510nam a2200181Ia 4500 | ||
|---|---|---|---|
| 003 | GCL | ||
| 008 | 140319s9999 xx 000 0 ara d | ||
| 040 |
_aGCL / _cGCL |
||
| 082 | 0 | 4 |
_a254 _bا س |
| 100 | 1 | _aابراهيم محمد الجمل | |
| 245 | 1 | 0 |
_aسؤال النساء يوم القيامة / _cابراهيم محمد الجمل |
| 260 |
_a[S.N] : _bدار القام للتراث |
||
| 300 | _a127 ص | ||
| 490 | _a | ||
| 650 | 0 | 4 | _aالاسلام |
| 650 | 0 | 4 | _aالمرأة |
| 942 |
_2ddc _cBK |
||
| 999 |
_c53552 _d53552 |
||